| 000 | 01079 am a22002414a 4500 | ||
|---|---|---|---|
| 008 | 120212s2011 su g 000 0 ara d | ||
| 041 |
_aAra _h Eng |
||
| 082 | 0 | 4 |
_a158.2 _2 21 _bم ي د |
| 100 | 1 |
_aميدانير، تالين. _933078 |
|
| 240 | 1 |
_aThe Secret Laws of Attraction : The Effortless Wys to Get the Relationship you Want _l Arabic |
|
| 245 | 1 |
_aأسرار قوانين الجاذبية : _b أيسر طريقة لبناء العلاقة التي تتمناها / _cتالين ميدانير. |
|
| 246 | 3 | 4 | _aاكتشف الاحتياجات الحقيقية لعلاقاتك : اختبر نفسك بالداخل |
| 250 | _aط. 1. | ||
| 260 |
_aالرياض : _b مكتبة جرير، _c2011. |
||
| 300 |
_a234 ص. ؛ _c 24 سم. |
||
| 500 | _aمؤلفة الكتاب الأكثر مبيعاً Coach Yourself to Success | ||
| 650 | 1 | 4 |
_aالعلاقات الشخصية. _933079 |
| 650 | 1 | 4 |
_aالعلاقات الإنسانية. _923866 |
| 650 | 1 | 4 |
_aالاتصال. _933080 |
| 650 | 1 | 4 |
_aالشخصية. _933081 |
| 653 |
_bAra _cApril2013 |
||
| 942 |
_2ddc _cBB |
||
| 999 |
_c17432 _d17404 |
||